000 005880000a22002170004500
003 LK-CoMWRAF
005 20231022123739.0
008 230817t1961 ||||| |||| 00| 0 eng d
040 _aLK-CoMWRAF
_dLK-CoMWRAF
_eLK-CoMWRAF
041 _aeng
082 _a297
_bGAU
100 _aGaudefroy-Demombynes, Maurice
242 _aLes Institutions Musulmanes
245 _aMuslim Institutions
260 _aLondon:
_bGeorge Allen & Unwin Ltd,
_c1961
300 _a216 p. 23 cm.
650 _aMUSLIM INSTITUTIONS
650 _aIslam
700 _aMacgregor. John P.
_etrans.
942 _cBK
999 _c1171
_d1171